Entry Konu Terimi
001 - KONTROL NUMARASI
- Kontrol alanı: 33049
003 - KONTROL NUMARASI KİMLİĞİ
- Kontrol alanı: TR-BiSEU
005 - SON İŞLEM TARİHİ VE ZAMANI
- Kontrol alanı: 20260207001943.0
008 - SABİT UZUNLUKTAKİ VERİ ÖGELERİ - GENEL BİLGİ
- Sabit uzunlukta kontrol alanı: 260207|| aca||aabn | a|a d
040 ## - KATALOGLAMA KAYNAĞI
- Özgün kataloglama kurumu: TR-BiSEU
- Çeviri kurumu: TR-BiSEU
150 ## - KONU BAŞLIKLARI - KONU TERİMİ
- Konu terimi: Globalization--Turkey
670 ## - BİLGİNİN KAYNAĞI
- Bilginin alındığı kaynak: KOHA: (TR-BiSEU)14071: Küreselleşme, Demokratikleşme ve Türkiye Uluslararası Sempozyumu (27-30 Mart 2008 : Antalya) 33046, Küreselleşme, Demokratikleşme ve Türkiye Uluslararası Sempozyumu bildiri kitabı 27-30 Mart 2008 Antalya =
